000 00302nam a2200145Ia 4500
100 _aBatra/K/C
250 _a1
942 _cBK
654 _aProduction
245 _aProduction Management
260 _bParamount Pub.Co
_aBombay
_c1967
082 _a658.5
_bBAT
300 _a480
546 _aENGLISH
999 _c21482
_d21482